<?xml version="1.0" encoding="UTF-8"?><?xml-stylesheet type="text/xsl" href="static/style.xsl"?><OAI-PMH xmlns="http://www.openarchives.org/OAI/2.0/" xmlns:xsi="http://www.w3.org/2001/XMLSchema-instance" xsi:schemaLocation="http://www.openarchives.org/OAI/2.0/ http://www.openarchives.org/OAI/2.0/OAI-PMH.xsd"><responseDate>2026-04-27T22:01:04Z</responseDate><request verb="GetRecord" identifier="oai:uvadoc.uva.es:10324/14603" metadataPrefix="marc">https://uvadoc.uva.es/oai/request</request><GetRecord><record><header><identifier>oai:uvadoc.uva.es:10324/14603</identifier><datestamp>2021-07-06T08:48:41Z</datestamp><setSpec>com_10324_38</setSpec><setSpec>col_10324_852</setSpec></header><metadata><record xmlns="http://www.loc.gov/MARC21/slim" xmlns:doc="http://www.lyncode.com/xoai" xmlns:xsi="http://www.w3.org/2001/XMLSchema-instance" xmlns:dcterms="http://purl.org/dc/terms/" xsi:schemaLocation="http://www.loc.gov/MARC21/slim http://www.loc.gov/standards/marcxml/schema/MARC21slim.xsd">
<leader>00925njm 22002777a 4500</leader>
<datafield tag="042" ind1=" " ind2=" ">
<subfield code="a">dc</subfield>
</datafield>
<datafield tag="720" ind1=" " ind2=" ">
<subfield code="a">Enríquez López, Susana</subfield>
<subfield code="e">author</subfield>
</datafield>
<datafield tag="260" ind1=" " ind2=" ">
<subfield code="c">2015</subfield>
</datafield>
<datafield tag="520" ind1=" " ind2=" ">
<subfield code="a">El presente trabajo de investigación, responde al hecho de que para que se&#xd;
produzcan cambios en la sociedad, debe darse una innovación de carácter positivo. La&#xd;
manera más adecuada para introducir una mejora en el desarrollo educativo de los niños&#xd;
con mosaicismo, responde al conocimiento de este síndrome, analizando lo que es,&#xd;
cómo se desarrolla y la influencia que ejercen las diferentes estrategias usadas desde&#xd;
tres de los contextos más próximos al niño, el contexto sanitario, familiar y escolar.&#xd;
Presento el estudio de caso de una niña en edad escolar, que brinde información a&#xd;
aquellas personas que traten a niños con esta discapacidad, asegurándoles que el trabajo&#xd;
en equipo entre personal sanitario, la familia y la escuela, son esenciales para llevar&#xd;
acabo su integración total en la sociedad.</subfield>
</datafield>
<datafield tag="024" ind2=" " ind1="8">
<subfield code="a">http://uvadoc.uva.es/handle/10324/14603</subfield>
</datafield>
<datafield ind1=" " ind2=" " tag="653">
<subfield code="a">[Pendiente de asignar]</subfield>
</datafield>
<datafield tag="245" ind1="0" ind2="0">
<subfield code="a">Mosaicismo: nueva perspectiva de educación para síndromes desconocidos</subfield>
</datafield>
</record></metadata></record></GetRecord></OAI-PMH>